000 00249nam a2200109Ia 4500
999 _c7811
_d7811
020 _a978-1861002617
100 _aBlexrud,Chris
245 0 _aProfessional Active Server Pages 3.0
260 _aIndia
_bMcGraw-Hill
_c1999
300 _a1275
942 _cBK